000
00300nam a22001337a 4500
008
180226b xxu||||| |||| 00| 0 eng d
020
_a
1556643705
041
_a
eng
080
_a
610
100
_a
4
101
_a
SHM
245
_a
Decision Making in Pain Management
_c
Ramamurthy
942
_2
udc
_c
BK
999
_c
43515
_d
43515